LIBRARY & INFORMATION CENTRE, KCAET, TAVANUR

ONLINE PUBLIC ACCESS CATALOGUE (OPAC)

Development of protein enriched pasta using jackfruit seed flour, broken rice flour and banana flour (Record no. 15127)

MARC details
000 -LEADER
fixed length control field 00874nam a22002177a 4500
003 - CONTROL NUMBER IDENTIFIER
control field OSt
088 ## - REPORT NUMBER
Report number P 339
100 ## - MAIN ENTRY--AUTHOR NAME
Personal name ARUN M. V
245 ## - TITLE STATEMENT
Title Development of protein enriched pasta using jackfruit seed flour, broken rice flour and banana flour
260 ## - PUBLICATION, DISTRIBUTION, ETC. (IMPRINT)
Place of publication Tavanur 2015
Name of publisher Department of Food and Agricultural Processing Engineering
300 ## - PHYSICAL DESCRIPTION
Number of Pages 37
500 ## - GENERAL NOTE
General note Development of protein enriched pasta using jackfruit seed flour, broken rice flour and banana flour
520 ## - SUMMARY, ETC.
Summary, etc Development of protein enriched pasta using jackfruit seed flour, broken rice flour and banana flour
700 ## - ADDED ENTRY--PERSONAL NAME
Personal name Harsh Unni C. K
700 ## - ADDED ENTRY--PERSONAL NAME
Personal name Shifanath U
700 ## - ADDED ENTRY--PERSONAL NAME
Personal name Sneha R. Nair
700 ## - ADDED ENTRY--PERSONAL NAME
Personal name Dr. Santhi Mary Mathew (Guide)
856 ## - ELECTRONIC LOCATION AND ACCESS
Uniform Resource Identifier https://drive.google.com/open?id=1DTurfyYWIS9u359TCPKRurBeWT0Mofy7
942 ## - ADDED ENTRY ELEMENTS (KOHA)
Koha item type Project Report
Holdings
Collection code Home library Current library Shelving location Full call number Accession Number Koha item type
Reference KAUAET KAUAET Reference 664 ARU/DE P 339 Project Report
free website counter